000 00780nam a2200193Ii 4500
003 JO-AjNU
008 230605s9999||||xx |||||||||||||| ||und||
040 _aJO-AjNU
_bara
_erda
_cJO-AjNU
041 _aara
050 1 4 _aDS153.A3.W36 2004
100 3 _aاشراف الطوالبة، عبدالله؛ اعداد وتحرير وتدقيق شقير، نصفت و العوض، بنان,
_eauthor
_921056
245 0 0 _aالوقائع والوثائق الأردنية: الربع الاول 2004
264 3 1 _aعمان: دائرة المطبوعات والنشر، 2004
300 _a180ص
336 _atext
_btxt
_2rdacontent
337 _aunmediated
_bn
_2rdamedia
338 _avolume
_bnc
_2rdacarrier
650 4 _aالاردن- وثائق تاريخية2004 -تاريخ
_921057
999 _aA7251
_c10819
_d10819